| 000 | 00615nam a2200193 i 4500 | ||
|---|---|---|---|
| 001 | 92756 | ||
| 003 | ES-MaACL | ||
| 005 | 20230906181042.0 | ||
| 007 | t| | ||
| 008 | 050428s1945 sp ||||1| spa d | ||
| 080 | _a821.134.2.-2.09"15" | ||
| 100 | 1 |
_aGarcía Soriano, Justo, _d1884-1949 _955310 |
|
| 245 | 1 | 3 |
_aEl teatro universitario y humanístico en España / _cJusto García Soriano. |
| 260 |
_aToledo : _b[s.n.], _c1945. |
||
| 300 |
_a418 p. ; _c25 cm. |
||
| 650 | 4 |
_aTeatro español- _yS.XVI. _917349 |
|
| 852 |
_aES-MaACL _jF-14476 bis _z. - Donat. Ernesto García Camarero |
||
| 999 |
_c92756 _d92756 |
||